000 00425nam a2200169Ia 4500
005 20250508153516.0
008 008 250505s9999 xx 000 0 eng d
037 _aBooks to be hide in OPAC
040 _aFEDL
_beng
_cFEDL
041 _aeng
_2eng
084 _a943, GER/O
_qFEDL
245 0 _aGateway to Germany
260 _c1954
300 _a72p.
942 _cHB
_h943, GER/O
999 _c1343374
_d1343374